| 000 | 01084cad a22002055a 4500 | ||
|---|---|---|---|
| 001 | L156096 | ||
| 008 | 120430e20120430xxk f 000 0 eng d | ||
| 035 | _a(Sirsi) u156096 | ||
| 041 | 0 | _aeng | |
| 100 | 1 | _aDonnell, Richard | |
| 245 | 0 | 0 |
_aHouse prices rise for second consecutive month _h[electronic resource] |
| 260 | _c2011 | ||
| 490 | 0 |
_aHometrack Monthly National Housing Survey _v30 April 2012 |
|
| 520 | _aHouse prices increased by 0.1% in April 2012, the second monthly increase in a row. A clear divide continues to grow between markets in and around London and the rest of the country. Whilst the strongest price rises were in London with a 0.3% increase and with small gains of 0.1% across the regions of southern England, prices elsewhere were either static or falling. | ||
| 590 | _aKA | ||
| 651 | 4 |
_aUnited Kingdom _y |
|
| 690 |
_aResidential property _96266 |
||
| 856 | 4 | 0 |
_uhttps://www.hometrack.co.uk/our-insight/monthly-national-house-price-survey/house-prices-up-for-second-month-in-a-row _zView this item free of charge at www.hometrack.co.uk |
| 942 | _n0 | ||
| 999 |
_c114027 _d114027 |
||